Education and modernization in India (Record no. 345841)

000 -LEADER
fixed length control field 00321cam a22001217a 4500
008 - FIXED-LENGTH DATA ELEMENTS--GENERAL INFORMATION
fixed length control field 180718b1982 xxu||||| |||| 00| 0 eng d
082 ## - DEWEY DECIMAL CLASSIFICATION NUMBER
Classification number Px54 G665
100 ## - MAIN ENTRY--PERSONAL NAME
Personal name Gore, M.S.
245 ## - TITLE STATEMENT
Title Education and modernization in India
Statement of responsibility, etc. by M.S. Gore
260 ## - PUBLICATION, DISTRIBUTION, ETC.
Place of publication, distribution, etc. Jaipur
Name of publisher, distributor, etc. Rawat
Date of publication, distribution, etc. 1982
300 ## - PHYSICAL DESCRIPTION
Extent 190p.
650 ## - SUBJECT ADDED ENTRY--TOPICAL TERM
Topical term or geographic name entry element Education --India
Holdings
Withdrawn status Lost status Damaged status Not for loan Permanent Location Current Location Date acquired Full call number Barcode Date last seen Price effective from Koha item type
        Indian Institute of Public Administration Indian Institute of Public Administration 1993-10-08 Px54 G665 58701 2018-07-21 2018-07-21 Book

Powered by Koha